| 000 | 01219cam a22002651 4500 | ||
|---|---|---|---|
| 001 | l 24000181 | ||
| 003 | DLC | ||
| 005 | 20260227111529.0 | ||
| 008 | 810324s1924 dcu s f001 0 eng c | ||
| 010 | _al 24000181 | ||
| 035 | _a(OCoLC)7254969 | ||
| 040 |
_aU.S. Dept. of Labor Library _cMChB _dDLC |
||
| 042 | _apremarc | ||
| 043 | _an-us--- | ||
| 050 | 0 | 0 |
_aHD8051 _b.A62 no. 357 |
| 110 | 1 |
_aUnited States. _bBureau of Labor Statistics. |
|
| 245 | 1 | 0 | _aCost of living in the United States ... May, 1924. |
| 260 |
_aWashington, _bGovt. print. off., _c1924. |
||
| 300 |
_aiii, 466 p. _bincl. tables. _c23 cm. |
||
| 490 | 0 |
_aBulletin of the United States Bureau of Labor Statistics, _vno. 357. Retail prices and cost of living series |
|
| 500 | _aAt head of title: U.S. Department of Labor. James J. Davis, secretary. Bureau of Labor Statistics. Ethelbert Stewart, commissioner. | ||
| 500 | _aIssued also as House doc. 233, 68th Cong., 1st sess. | ||
| 500 | _aResults of an investigation into the cost of livng in 92 industrial centers in the United States, made in 1918-1919. Tables showing changes in cost of living up to December, 1923, are added. | ||
| 650 | 0 |
_aCost and standard of living _zUnited States. |
|
| 999 |
_c35748 _d35748 |
||